Electrotechnical systems : (Record no. 599606)

000 -LEADER
fixed length control field 00348nam a2200121Ia 4500
008 - FIXED-LENGTH DATA ELEMENTS--GENERAL INFORMATION
fixed length control field 230907s9999||||xx |||||||||||||| ||und||
082 ## - DEWEY DECIMAL CLASSIFICATION NUMBER
Classification number 621.3028553
Author Mark PER
100 ## - MAIN ENTRY--PERSONAL NAME
Personal name Perelʹmuter, V. M.
9 (RLIN) 114673
245 #0 - TITLE STATEMENT
Title Electrotechnical systems :
260 ## - PUBLICATION, DISTRIBUTION, ETC.
Place of publication, distribution, etc. CRC Press, Taylor & Francis Group,
Name of publisher, distributor, etc. Boca Raton :
Date of publication, distribution, etc. 2013
300 ## - PHYSICAL DESCRIPTION
Extent xv, 434 p.:
942 ## - ADDED ENTRY ELEMENTS (KOHA)
Koha item type Book
Holdings
Withdrawn status Lost status Damaged status Not for loan Permanent Location Current Location Date acquired Total Checkouts Full call number Barcode Date last seen Price effective from Koha item type
        US-Pakistan Center for Advanced Studies in Energy (USPCAS-E) US-Pakistan Center for Advanced Studies in Energy (USPCAS-E) 10/08/2019   621.3028553 PER CAS-E0003705 09/12/2023 09/12/2023 Book
© 2023 Central Library, National University of Sciences and Technology. All Rights Reserved.